Todos los campeones de la liga uruguaya de futbol - Estadísticas

Estadísticas generales
  • Esta prueba ha sido intentada 249 veces
  • La puntuación promedio es 113 de 120
Estadísticas de respuestas
Año Equipo % Correcto
1900 | 1901 | 1905 | +2 others CURCC/Peñarol
99%
1902 | 1903 | 1912 | +46 others Nacional
99%
1918 | 1921 | 1928 | +43 others Peñarol
99%
1988 | 2004 | 2006-07 | 2013-14 Danubio
86%
2023 Liverpool
84%
1976 | 1987 | 1991 | 2007-08 Defensor Sporting
80%
1908 | 1910 | 1913 | 1914 River Plate
70%
1906 | 1909 | 1931 Wanderers
62%
1990 Bella Vista
50%
1989 Progreso
50%
1927 Rampla Juniors
44%
1984 Central Español
35%
No se encontraron pruebas coincidentes
Distribución de puntuación
Porcentaje de gente con cada puntuación
Porcentaje por número respondido
Historial de tus puntuaciones
No has intentado esta prueba.